Hỏi đáp kỹ thuật trồng nhãn da bò và trồng điều đạt năng suất cao

Kaydedildi:
Detaylı Bibliyografya
Yazar: Phạm Kim Hồng Phúc
Materyal Türü: Kitap
Dil:Undetermined
Baskı/Yayın Bilgisi: Đà Nẵng Đà Nẵng 2002
Konular:
Etiketler: Etiketle
Etiket eklenmemiş, İlk siz ekleyin!
Thư viện lưu trữ: Trung tâm Học liệu Trường Đại học Cần Thơ
LEADER 00569nam a2200181Ia 4500
001 CTU_51491
008 210402s9999 xx 000 0 und d
020 |b 12000 
082 |a 634 
082 |b Ph506 
100 |a Phạm Kim Hồng Phúc 
245 0 |a Hỏi đáp kỹ thuật trồng nhãn da bò và trồng điều đạt năng suất cao 
245 0 |c Phạm Kim Hồng Phúc 
260 |a Đà Nẵng 
260 |b Đà Nẵng 
260 |c 2002 
650 |a tropical fruit 
980 |a Trung tâm Học liệu Trường Đại học Cần Thơ